[Event "Hum na Sutli op 15th"]
[Site "Hum na Sutli"]
[Date "2023.08.27"]
[Round "3"]
[White "Srimf, Silvester"]
[Black "Crnjakovic, Tom"]
[Result "1-0"]
[WhiteElo "1852"]
[BlackElo "1534"]
[PlyCount "81"]
[EventDate "2023.08.26"]
[EventType "swiss"]
[EventRounds "9"]
[EventCountry "CRO"]
[SourceTitle "EXT 2024"]
[Source "ChessBase"]
[SourceDate "2023.10.10"]
[SourceVersion "1"]
[SourceVersionDate "2023.10.10"]
[SourceQuality "1"]

1. Nf3 Nf6 2. d4 g6 3. g3 d5 4. Bg2 Bg7 5. 0-0 0-0 6. Nc3 c6 7. Re1 Bf5 8. Ne5 Nbd7 9. Bf4 Nxe5 10. Bxe5 Ne4 11. Nxe4 Bxe4 12. Bxg7 Kxg7 13. f3 Bf5 14. e4 Be6 15. c3 Qb6 16. Qc2 Rac8 17. Qb3 Qc7 18. Qa4 Qb6 19. b4 Qc7 20. Re3 a6 21. Rae1 b5 22. Qc2 Rfe8 23. a3 Rcd8 24. Qf2 Rd7 25. f4 f5 26. exf5 Bxf5 27. h3 h5 28. Re5 Bd3 29. Qe3 Bc4 30. g4 hxg4 31. hxg4 Qd6 32. Re6 Qc7 33. f5 Rd6 34. f6+ Kf7 35. fxe7 Rxe6 36. Qxe6+ Kg7 37. Re3 Bd3 38. Re5 Bc2 39. Bh3 Be4 40. g5 Bf5 41. Qf6+ 1-0